Word Chain - China - Statistics

General Stats
  • This quiz has been taken 111 times
    102 since last reset
  • The average score is 14 of 28
Answer Stats
Hint Answer % Correct
Was returned from the U.K to China in 1997 Hong Kong
97%
Longest River in China Yangtze
86%
Second Longest River in China Yellow
74%
Father of the People's Republic of China Mao Zedong
71%
Country tha fought the First Opium War against China United Kingdom
69%
Country that controlled the city of Qingdao in 1900 Germany
66%
Major desert to the North Gobi
66%
Traditional part of Chinese Medicine involving Needles Acupuncture
64%
One of the Four Great Inventions Gunpowder
62%
Country that was led by the Dalai Lama Tibet
62%
Language often spoken in Shanghai Wu
62%
Han, Qing or Zhou Dynasty
60%
He started Taoism Laozi
60%
Tallest Mountain in China Everest
57%
The Tallest Mountain in China is Partially located in this country Nepal
56%
What the soldiers under Xian are made uf Terracotta
53%
Largely Practiced Religion in Xinjiang Islam
52%
Game with 144 Tiles and Chinese Characters Mahjong
49%
City that was Massacred by Japan in 1937 Nanking
45%
Separated from China by the Talu River North Korea
45%
Dynasty after the Mongols Yuan
38%
Major Chinese Province in the above Inner Mongolia
36%
Armed Forces of the Chinese Communist Party Red Army
26%
City on the Liaodong Peninsula Dalian
24%
Plan to expand China's Population Great Leap Forward
16%
Caliphate that defeated China at the Battle of Talas Abbasid
13%
Islamic region in Western China East Turkestan
8%
Type of flowering tree used in Medicine Ash
2%
No matching quizzes found
Score Distribution
Percent of People with Each Score
Percentile by Number Answered
Your Score History
You have not taken this quiz since the last reset